Desarrollo de una metodología de análisis, rediseño e implementación de sistemas de control de inventarios
Պահպանված է:
| Հիմնական հեղինակ: | |
|---|---|
| Ձևաչափ: | Գիրք |
| Հրապարակվել է: |
San José, Costa Rica
1990
|
| Խորագրեր: | |
| Ցուցիչներ: |
Ավելացրեք ցուցիչ
Չկան պիտակներ, Եղեք առաջինը, ով նշում է այս գրառումը!
|
MARC
| LEADER | 00000nam a2200000Ia 4500 | ||
|---|---|---|---|
| 003 | 000000 | ||
| 005 | 20221231144306.0 | ||
| 008 | 140114s1990 cr a m 000 ||s d | ||
| 040 | |c cru CEDI | ||
| 090 | |a TFG 3084 | ||
| 100 | |a Morales García, Alvaro |9 11498 | ||
| 245 | |a Desarrollo de una metodología de análisis, rediseño e implementación de sistemas de control de inventarios | ||
| 260 | |c 1990 |a San José, Costa Rica | ||
| 300 | |a xv, 446 hojas : ilustraciones ; 28 cm. | ||
| 500 | |a Proyecto de graduacion (licenciatura en ingenieria industrial)--Universidad de Costa Rica. Facultad de Ingeniería. Escuela de Ingenieria Industrial | ||
| 650 | |x CONTROL DE INVENTARIOS |9 11499 | ||
| 942 | |c TFG | ||
| 999 | |c 19686 |d 19686 | ||
